| 000 | 00444nam a2200133Ia 4500 | ||
|---|---|---|---|
| 001 | 255 | ||
| 008 | 241024s9999 xx 000 0 und d | ||
| 082 | _aRD/577.7/R426g/v1 | ||
| 100 | _aRepública Dominicana.Secretaria de Estado de Educación | ||
| 245 | 0 | _aGuía Didáctica I. Educación Ambiental, Residuos solidos su impacto ambiental, nivel básico, primer ciclo | |
| 260 |
_bTaller _c2004 |
||
| 901 | _a27/10/2010 9:39:23 a.m. | ||
| 999 |
_c8166 _d8166 |
||